Поляризация излучения Вавилова-Черенкова при нарушении аксиальной симметрии процесса; Письма в журнал "Физика элементарных частиц и атомного ядра". Письма в ЭЧАЯ; Т. 20, № 2 (247)
| Parent link: | Письма в журнал "Физика элементарных частиц и атомного ядра". Письма в ЭЧАЯ.— .— Дубна: Изд-во ОИЯИ.— 1814-5957 Т. 20, № 2 (247).— 2023.— С. 162-172 |
|---|---|
| Huvudupphovsman: | |
| Övriga upphovsmän: | |
| Sammanfattning: | Заглавие с экрана В представленной работе используется аналитический метод, основанный на методе поляризационных токов, для расчета влияния угловой апертуры детектора на поляризационные характеристики излучения Вавилова-Черенкова (ИВЧ) в вакууме для наклонной диэлектрической пластины. Результаты моделирования показывают, что увеличение апертуры детектора по азимутальному углу увеличивает эффективность регистрации ИВЧ, не приводя к уменьшению усредненной поляризации Текстовый файл |
| Språk: | ryska |
| Publicerad: |
2023
|
| Ämnen: | |
| Länkar: | http://www1.jinr.ru/Pepan_letters/panl_2023_2/10_potylitsyn.pdf |
| Materialtyp: | MixedMaterials Elektronisk Bokavsnitt |
| KOHA link: | https://koha.lib.tpu.ru/cgi-bin/koha/opac-detail.pl?biblionumber=669615 |
MARC
| LEADER | 00000naa2a2200000 4500 | ||
|---|---|---|---|
| 001 | 669615 | ||
| 005 | 20260319092835.0 | ||
| 035 | |a (RuTPU)RU\TPU\network\40867 | ||
| 035 | |a RU\TPU\network\34299 | ||
| 090 | |a 669615 | ||
| 100 | |a 20230710d2023 k||y0rusy50 ca | ||
| 101 | 0 | |a rus | |
| 102 | |a RU | ||
| 135 | |a drnn ---uucaa | ||
| 181 | 0 | |a i |b e | |
| 182 | 0 | |a b | |
| 183 | 0 | |a cr |2 RDAcarrier | |
| 200 | 1 | |a Поляризация излучения Вавилова-Черенкова при нарушении аксиальной симметрии процесса |d Polarization of Vavilov-Cherenkov Radiation in Violation of Axial Symmetry of the Process |f А. П. Потылицын, С. Ю. Гоголев |z eng | |
| 203 | |a Текст |c электронный |b визуальный | ||
| 283 | |a online_resource |2 RDAcarrier | ||
| 300 | |a Заглавие с экрана | ||
| 320 | |a Список литературы: 14 назв | ||
| 330 | |a В представленной работе используется аналитический метод, основанный на методе поляризационных токов, для расчета влияния угловой апертуры детектора на поляризационные характеристики излучения Вавилова-Черенкова (ИВЧ) в вакууме для наклонной диэлектрической пластины. Результаты моделирования показывают, что увеличение апертуры детектора по азимутальному углу увеличивает эффективность регистрации ИВЧ, не приводя к уменьшению усредненной поляризации | ||
| 336 | |a Текстовый файл | ||
| 461 | 1 | |0 (RuTPU)RU\TPU\prd\30136 |9 393837 |t Письма в журнал "Физика элементарных частиц и атомного ядра". Письма в ЭЧАЯ |c Дубна |n Изд-во ОИЯИ |x 1814-5957 | |
| 463 | 1 | |0 (RuTPU)RU\TPU\prd\292975 |9 590226 |t Т. 20, № 2 (247) |v С. 162-172 |d 2023 | |
| 610 | 1 | |a электронный ресурс | |
| 610 | 1 | |a труды учёных ТПУ | |
| 700 | 1 | |a Потылицын |b А. П. |c российский физик |c профессор Томского политехнического университета |f 1945- |g Александр Петрович |3 (RuTPU)RU\TPU\pers\15853 |9 5531 | |
| 701 | 1 | |a Гоголев |b С. Ю. |c физик |c доцент Томского политехнического университета, кандидат физико-математических наук |f 1986- |g Сергей Юрьевич |3 (RuTPU)RU\TPU\pers\25815 |9 11688 | |
| 801 | 2 | |a RU |b 63413507 |c 20230710 |g RCR | |
| 856 | 4 | 0 | |u http://www1.jinr.ru/Pepan_letters/panl_2023_2/10_potylitsyn.pdf |z http://www1.jinr.ru/Pepan_letters/panl_2023_2/10_potylitsyn.pdf |
| 942 | |c CF | ||